000 00369nam a2200145Ia 4500
008 150201s2006 xx 000 0 und d
082 _a612.015
_bA2006R
100 _aRAO,AV.SS
245 2 _aA TEXTBOOK OF BIOCHEMISTRY
250 _a9TH
260 _bU.B.S.PUBLISHERS & DISTRIBUTORS DELHI
_aDELHI
_c2006
300 _a1-579
650 _aBIOCHEMISTRY
942 _2ddc
_cBK
999 _c4070
_d4070